Ηλεκτρονικό μαθησιακό περιβάλλον πρώτης γραφής και ανάγνωσης για παιδιά αλλοδαπών και παλιννοστούντων : διπλωματική εργασία [μεταπτυχιακή εργασία]

Αποθηκεύτηκε σε:
Λεπτομέρειες βιβλιογραφικής εγγραφής
Κύριος συγγραφέας: Σπύρου, Σπύρος Π.
Συγγραφή απο Οργανισμό/Αρχή: Πανεπιστήμιο Αιγαίου Σχολή Ανθρωπιστικών Επιστημών Παιδαγωγικό Τμήμα Δημοτικής Εκπαίδευσης Πρόγραμμα Μεταπτυχιακών Σπουδών Επιστήμες της Αγωγής - Εκπαίδευση με τη Χρήση Νέων Τεχνολογιών
Άλλοι συγγραφείς: Κούρτη-Καζούλλη, Βασιλεία (Εισηγητής διατριβής)
Μορφή: Thesis Βιβλίο
Γλώσσα:Greek
Δημοσίευση: 2011
Θέματα:
Διαθέσιμο Online:http://hdl.handle.net/11610/16359
Ετικέτες: Προσθήκη ετικέτας
Δεν υπάρχουν, Καταχωρήστε ετικέτα πρώτοι!

MARC

LEADER 00000cam a2200000 i 4500
001 1/23641
008 121025s2011 gre d
035 |l 10113281 
040 |a GR-MY-UA  |b gre  |e aacr 
041 0 |a gre 
082 0 |a 371.334  |2 (22) 
100 1 |a Σπύρου, Σπύρος Π. 
245 1 0 |a Ηλεκτρονικό μαθησιακό περιβάλλον πρώτης γραφής και ανάγνωσης για παιδιά αλλοδαπών και παλιννοστούντων :  |b διπλωματική εργασία [μεταπτυχιακή εργασία] /  |c Σπύρου Σπύρος ; επιβλέπουσα: Καζούλλη Βασιλεία 
260 |c 2011 
300 |a 99 σ.;  |b πιν.;  |c 30 εκ. 
500 |a Μέλη εξεταστικής επιτροπής: Σκούρτου Ελένη, Τσολακίδης Κωσταντίνος 
502 |a Διατριβή (μεταπτυχιακή) – Πανεπιστήμιο Αιγαίου, Ρόδος, 2011. 
504 |a Βιβλιογραφία: σ. 87-89 
650 0 0 |a Education  |x Data processing. 
650 0 0 |a Programmed instruction. 
650 0 0 |a Computer-assisted instruction  |x Case studies. 
650 0 0 |a Language  |x Study and teaching. 
650 0 0 |a Education, Bilingual. 
650 0 0 |a Kindergarten  |x Case studies. 
650 0 0 |a Dissertations, Academic  |z Greece. 
700 1 |a Κούρτη-Καζούλλη, Βασιλεία.  |4 ths 
710 2 |a Πανεπιστήμιο Αιγαίου  |b Σχολή Ανθρωπιστικών Επιστημών  |b Παιδαγωγικό Τμήμα Δημοτικής Εκπαίδευσης  |b Πρόγραμμα Μεταπτυχιακών Σπουδών Επιστήμες της Αγωγής - Εκπαίδευση με τη Χρήση Νέων Τεχνολογιών. 
852 |a INST  |b RHODES  |c DIATR  |e 20121025  |h 371.334 ΣΠΥ  |p 005400034645  |q 005400034645  |t MTXE  |y 23 
852 |a INST  |b RHODES  |c DIATR  |e 20121025  |h 371.334 ΣΠΥ  |p 005400034646  |q 005400034646  |t MTXE  |y 23 
856 |u http://hdl.handle.net/11610/16359 
901 |a BIBL4-2012-3 
909 |a Ρ  |b 176236 
909 |a Ρ  |b 176237 
924 |a ΣΠΥΡΟΥ  |b ΣΠΥΡΟΣ  |y ΡΟΔΟΣ  |z 2011-10 
970 |z 2012/10/25